00590 2200217 4500001002100000005001700021008004100038020002200079035002400101040001200125082001300137090002300150100001400173245006000187250001000247260003100257300002200288650002800310850001200338990002200350YOGYA-0112000000035420120109200345.0 ind  a978-979-21-3037-9 0010-011200000000354 aYOPDYOG a220.9505 aDEP 220.9505 Kez A aKEZIA IKE aAyo Bermain Bersama Abraham Si orang BerimancKezia Ike aCet.1 aYogyakartabKanisiusc2011 a32hlmbilusc30cm aAlkitab - Cerita-Cerita aYOPDYOG aCB-D.11 2011-1133